La epopeya colombina / (Registro nro. 31022)
[ vista simple ]
| 000 -CABECERA | |
|---|---|
| campo de control de longitud fija | 00509nam a2200157 a 4500 |
| 001 - NÚMERO DE CONTROL | |
| campo de control | 000031530 |
| 005 - FECHA Y HORA DE LA ÚLTIMA TRANSACCIÓN | |
| campo de control | 20240305090859.0 |
| 008 - DATOS DE LONGITUD FIJA--INFORMACIÓN GENERAL | |
| campo de control de longitud fija | 110627s1941 dr r 000 0 spa d |
| 040 ## - FUENTE DE LA CATALOGACIÓN | |
| Centro catalogador/agencia de origen | DO-SdBNP |
| Lengua de catalogación | spa |
| Centro/agencia transcriptor | BNPHU |
| 082 ## - NÚMERO DE LA CLASIFICACIÓN DECIMAL DEWEY | |
| Número de clasificación | xxxx |
| Número de documento/Ítem | V496e |
| 100 1# - ENTRADA PRINCIPAL--NOMBRE DE PERSONA | |
| Nombre de persona | Verges, Pedro, |
| Fechas asociadas al nombre | 1945- |
| 9 (RLIN) | 12149 |
| 245 13 - MENCIÓN DE TÍTULO | |
| Título | La epopeya colombina / |
| Mención de responsabilidad, etc. | Pedro L. Verges Vidal. |
| 260 ## - PUBLICACIÓN, DISTRIBUCIÓN, ETC. | |
| Lugar de publicación, distribución, etc. | Cuidad Trujillo, República Dominicana : |
| Nombre del editor, distribuidor, etc. | Pol Hermanos, |
| Fecha de publicación, distribución, etc. | 1941. |
| 300 ## - DESCRIPCIÓN FÍSICA | |
| Extensión | 149 p. ; |
| Dimensiones | 21 cm. |
| 586 ## - NOTA DE PREMIOS | |
| Nota de premios | Primer premio Juegos Florales Hispanoaméricanos |
| Estado de retiro | Estado de pérdida | Restricciones de uso | No para préstamo | Código de colección | Localización permanente | Ubicación/localización actual | Ubicación en estantería | Fecha de adquisición | Número de inventario | Total de préstamos | Signatura topográfica completa | Código de barras | Fecha visto por última vez | Precio válido a partir de | Tipo de ítem Koha |
|---|---|---|---|---|---|---|---|---|---|---|---|---|---|---|---|
| Excluido de préstamo | Raros y valiosos | Patrimonio Dominicano | Patrimonio Dominicano | Depósito | 27.06.2011 | LF1 | xxxx V496e | 31530-10 | 25.06.2020 | 25.06.2020 | No se presta |
